Contemporary pratical/ vocational nursing (Record no. 16057)

MARC details
000 -LEADER
fixed length control field 00591nam a22001817a 4500
008 - FIXED-LENGTH DATA ELEMENTS--GENERAL INFORMATION
fixed length control field 160916b xxu||||| |||| 00| 0 eng d
020 ## - INTERNATIONAL STANDARD BOOK NUMBER
International Standard Book Number 1609136925
040 ## - CATALOGING SOURCE
Original cataloging agency KABU
Transcribing agency KABU
050 ## - LIBRARY OF CONGRESS CALL NUMBER
Classification number RT62
Item number .K87 2011 C.1
100 ## - MAIN ENTRY--PERSONAL NAME
Personal name Kurzen, Corrine R.
245 ## - TITLE STATEMENT
Title Contemporary pratical/ vocational nursing
Statement of responsibility, etc. by Corrine R. Kurzen
250 ## - EDITION STATEMENT
Edition statement 7th ed.
260 ## - PUBLICATION, DISTRIBUTION, ETC. (IMPRINT)
Place of publication, distribution, etc. Philadelphia
Name of publisher, distributor, etc. Lippicott Williams & Wilkins
Date of publication, distribution, etc. 2011
300 ## - PHYSICAL DESCRIPTION
Extent xiii, 401 p.
650 ## - SUBJECT ADDED ENTRY--TOPICAL TERM
Source of heading or term Nursing, practical
Form subdivision Methods
650 ## - SUBJECT ADDED ENTRY--TOPICAL TERM
Source of heading or term Vocational guidance
942 ## - ADDED ENTRY ELEMENTS (KOHA)
Source of classification or shelving scheme Library of Congress Classification
Koha item type General Collection
Edition 7th ed.
Classification part RT62 .K87 2011 C.1
Holdings
Withdrawn status Lost status Source of classification or shelving scheme Not for loan Home library Current library Shelving location Date acquired Cost, normal purchase price Total Checkouts Full call number Barcode Date last seen Copy number Price effective from Koha item type
    Library of Congress Classification   Kabarak, Main Campus Kabarak, Main Campus General Stacks 16/09/2016 8000.25   RT62 .K87 2011 C.1 026769 16/09/2016 C.1 16/09/2016 General Collection
Designed with assistance from East African Informatics Ltd